Sybase SQL server TM 11 DBA: survival guide

Saved in:
書目詳細資料
Main Authors: Garbus, Jeffrey (Author), Solomon, David (Author), Tretter, Brian (Author), Rankins, Ray (Author)
格式: 圖書
語言:英语
出版: Indianápolis SAMS Publishing 1996
主題:
標簽: 添加標簽
沒有標簽, 成為第一個標記此記錄!

MARC

LEADER 00000nam a2200000 a 4500
001 UCP4151
003 CL-VaPUC
008 990724e19960000US |||||||||||||||||eng|d
082 0 4 |a 005.7  |b GAR  |2 21 
100 0 |a Garbus, Jeffrey  |e author  |9 431579 
700 0 |a Solomon, David  |e author  |9 431580 
700 0 |a Tretter, Brian  |e author  |9 431581 
700 0 |a Rankins, Ray  |e author  |9 431582 
245 1 0 |a Sybase SQL server TM 11 DBA: survival guide 
300 |a 624 p 
942 |c BK 
945 |d 19990724 00:00:00  |a rbrito 
260 |a Indianápolis  |b SAMS Publishing  |c 1996 
500 |a Incluye CD 
650 0 |a Bases de datos   |9 260577 
650 0 |a Administradores de archivos   |9 435952 
650 7 |a SERVIDOR  |2 CL-VaPUC  |9 422682 
650 0 |a Seguridad  |9 354178 
650 7 |a USOS DE ADMINISTRADORES  |2 CL-VaPUC  |9 431584 
583 |a last modification  |c 19990724 00:00:00  |k Rodrigo Vera 
999 |c 282207  |d 282205 
952 |0 0  |1 0  |4 0  |6 005_700000000000000_GAR_1996  |7 0  |8 A  |9 323736  |a BIBING  |b BIBING  |d 2019-11-20  |i 354320K  |o 005.7 GAR 1996  |p 354320K  |r 2025-01-20  |w 2019-11-20  |y BK  |k ING